000 00574nam a2200193Ia 4500
999 _c33153
_d33153
003 OSt
005 20200917123807.0
008 190216s9999||||xx |||||||||||||| ||und||
020 _a0852264089
040 _coclc
082 _a621.31913
_bKER/A
100 _aKerchner, Russell M
_94681
245 2 _aAlternating Current Circuits /
_cRussell M Kerchner ; George F Corcoran
250 _a4th Ed.
260 _bWiley Eastern Ltd,
_c1960.
_aNew Delhi:
300 _a602p
650 _aPhysics
942 _cBK
_2ddc
_h621.31913
_iKER/A
_k621.31913
_mKER/A